| 000 | 00703nam a2200193Ia 4500 | ||
|---|---|---|---|
| 003 | 0 | ||
| 005 | 20250122151931.0 | ||
| 008 | 150126s9999 xx 000 0 und d | ||
| 050 |
_aPHS LB 1044 _b.W872 2014 |
||
| 100 | _aWon, Ryoo Ji. | ||
| 245 |
_aComparative analysis on the after-school activities of Korean students and Filipino students / _cRyoo Ji Won. |
||
| 260 |
_aLas PiƱas City, Philippines : _bSouthville International School and Colleges, _c2014. |
||
| 300 |
_a35 pages : _billustration ; _c28 cm. |
||
| 504 | _aIncludes bibliographical references. | ||
| 650 | _aAfter-School activities. | ||
| 650 | _aAfter-school programs. | ||
| 650 | _aExtracurricular activities. | ||
| 942 |
_2lcc _cPASS |
||
| 999 |
_c278709 _d278709 |
||